| 000 | 00000nam 2200000za 4500 |
| 001 | 9.573886 |
| 003 | CaOODSP |
| 005 | 20210624183921 |
| 007 | cr ||||||||||| |
| 008 | 150406|1993||||xxc|||||o f|0| 0 eng d |
| 022 | |a1488-5379 |
| 040 | |aCaOODSP|beng |
| 043 | |an-cn--- |
| 086 | 1 |aFs97-6/1956E-PDF |
| 110 | 1 |aCanada. |bDepartment of Fisheries and Oceans. |bGulf Region. |
| 245 | 10|aReport of activities, 1991-1993, Marine and Anadromous Fish Division / |h[electronic resource]|cby Michael Chadwick and Louise Robichaud. |
| 260 | |aMoncton - New Brunswick : |bFisheries and Oceans Canada. |cOctober 1993. |
| 300 | |a50p. |
| 490 | 1 |aCanadian technical report of fisheries and aquatic sciences|x1488-5379|vNo. 1956 |
| 500 | |aThe catalogue number (Fs97-6/1956E) and ISSN (0706-6457) for the print edition have been incorrectly copied in this electronic publication. |
| 504 | |aBibliography. |
| 546 | |a(Résumé en français) |
| 590 | |a12-22-Supp|b2012-05-24 |
| 720 | 1 |aChadwick, Michael |
| 720 | 1 |aRobichaud, Louise |
| 776 | 0#|tReport of activities, 1991-1993: Marine and Anadromous Fish Division / |w(CaOODSP)9.611222 |
| 830 | #0|aCanadian technical report of fisheries and aquatic sciences,|x1488-5379|vNo. 1956|w(CaOODSP)9.504449 |
| 856 | 40|ahttp://publications.gc.ca|qPDF|s1.46 MB|uhttps://publications.gc.ca/collections/collection_2012/mpo-dfo/Fs97-6-1956-eng.pdf|yNo. 1956 |